| 000 | 00775nam a2200229 4500 | ||
|---|---|---|---|
| 003 | OSt | ||
| 005 | 20240629032459.0 | ||
| 006 | a | ||
| 008 | 240629b |||||||| |||| 00| 0 eng d | ||
| 020 | _a9781844453511 | ||
| 040 |
_aDWCL-Main lib. _cOC |
||
| 082 |
_2Third edition _aCirc. 305.231 E12 2010 |
||
| 110 | _aParker-Rees Rod | ||
| 245 | _aEarly childhood studies : an introduction to the study of children’s worlds and children’s lives / | ||
| 250 | _aThird edition | ||
| 260 |
_aExeter, England : _bLearning Matters Ltd. , _cc2010. |
||
| 300 |
_ax, _b261 p. ; _c25 cm. |
||
| 504 | _aIncludes bibliographical references & index. | ||
| 650 | _a1. Child development. | ||
| 650 | _a2. Early childhood education. | ||
| 942 |
_2ddc _n0 _cBK-CIRC _eThird edition _kCirc. |
||
| 999 |
_c1650 _d1650 |
||